Quelle princesse Disney a dit cela ? - Statistiques

Statistiques générales
  • Ce quiz a été pris 1 627 fois
  • Le résultat moyen est 9 sur 15
Statistiques - réponses
Question Réponse % Correct
"Un seul grain de riz peut faire pencher la balance. Un seul homme peut faire la différence entre victoire et défaite."
87%
"Je ne veux plus jamais voir un homme nu de ma vie !"
76%
"Si tu pries l’étoile du soir, ton vœu s’exauce un jour."
76%
"Ma maman dit toujours que le chemin le plus court vers le cœur d’un homme passe par son estomac."
71%
"Il ne ferait pas de mal à une mouche. Je sais qu’il a l’air méchant mais il est très tendre et très gentil. C’est mon ami."
65%
"Voilà où conduit le chemin de la haine et de la violence, voici le chemin que je veux suivre père... à toi de choisir le tien."
64%
"Quoi qu’il puisse arriver, je serais une flamme dans ton cœur... pour toujours."
60%
"Ce fameux mariage, c’est ce que vous souhaitez. Vous demandez-vous ce que moi je souhaite ? Non ! Vous passez votre temps à me dire ce que je dois faire ou ne pas faire…"
59%
"Je voudrais que mon prince m’emmène dans son château, où nous vivrons lui et moi heureux à jamais."
55%
"Maintenant tout semble différent… je veux croire en vous, je veux croire en nous !"
50%
"C’est comme un rêve, un rêve magnifique qui se réalise."
44%
"Comment osez-vous ? Tous les trois, vous êtes là à comploter pour décider de mon avenir. Je ne suis pas le premier prix d’une tombola."
42%
"Nous sommes tous à la recherche de notre destin, nous nous battons pour le changer. Certains ne le trouvent jamais, d’autres ont la chance d’être guidé vers lui."
40%
"Si on fait le même rêve plusieurs fois, on dit qu’il se réalise un jour et j’en ai rêvé au moins cent fois."
39%
"Je viens d’avoir 16 ans, je ne suis plus une petite fille !"
33%
Aucun quiz correspondant
Distribution des résultats
% des personnes avec chaque résultat
Percentile par nombre de réponses
Votre historique - résultats
Vous n’avez pas pris ce quiz